00380nam a22001097a 4500020000800000040001600008082001800024100003800042245011400080260003700194300003900231 qHB. cFIZZA ISHAQ a791.4372bNOV aWilliam Novak, Thomas P. O'Neill. aMan of the House: The Life and Political Memoirs of Speaker Tip O'Neill /cThomas P. O'Neill , William Novak. aNew York :bRandom House,c1987. a387 P. ;c 9.57 x 6.3 x 1.5 inches